Detalles MARC
| 000 -CABECERA |
| fixed length control field |
02296Cam#a2200373#a#4500 |
| 005 - FECHA Y HORA DE LA ULTIMA TRANSACCION |
| control field |
20220224182300.0 |
| 008 - ELEMENTOS DE LONGITUD FIJA-INFORMACION GENERAL |
| fixed length control field |
160225s2015||||ag abdoj#f #000|0#spa#d |
| 020 ## - NUMERO INTERNACIONAL NORMALIZADO PARA LIBROS |
| Número Internacional Normalizado del libro |
9789500114967 |
| 040 ## - FUENTE DE CATALOGACION |
| Agencia de catalogación original |
AR-BeUNQ |
| Idioma de catalogación |
ESPAÑOL |
| 082 04 - NUMERO DE CLASIFICACION DECIMAL DEWEYMBER |
| Número de clasificación |
907 |
| Número de la edición |
21 |
| 245 00 - MENCION DE TITULO |
| Título |
Ciencias sociales. |
| Mención de responsabilidad, etc |
Alejandra Ardanaz... [et al.] ; coordinación autoral de historia, Juan Ferguson. |
| Número de la parte/sección de la obra |
(1)ES / |
| 260 ## - PUBLICACION, DISTRIBUCION, ETC. |
| Lugar de publicación, distribución, etc. |
San Isidro : |
| Nombre del editor, distribuidor, etc. |
Estrada, |
| Fecha de publicación, distribución, etc |
c2015. |
| 300 ## - DESCRIPCION FISICA |
| Extensión |
303 p. : |
| Otros detalles físicos |
il., fot., mapas, gráficos ; |
| Dimensiones |
27 cm + |
| Material acompañante |
1 cuaderno de actividades |
| 490 1# - MENCION DE SERIE |
| Mención de serie |
Huellas |
| 500 ## - NOTA GENERAL |
| Nota general |
Material complementario: cuaderno de actividades "Saber hacer ciencias sociales". |
| 504 ## - NOTA DE BIBLIOGRAFIA, ETC. |
| Nota de bibliografía, etc. |
Bibliografía: p. 302-303. |
| 505 0# - NOTA DE CONTENIDO |
| Nota de contenido con formato preestablecido |
La geografía y sus herrmientas -- Los países del mundo actual -- Las condiciones naturales del ambiente -- Los recursos naturales y los problemas ambientales -- La población en el mundo actual -- Los espacios rurales -- Los espacios urbanos -- La historia como ciencia social -- Los primeros seres humanos -- Los primeros americanos -- La formación de las primeras ciudades y estados -- El antiguo Egipto -- El proceso de desarrollo estatal en América -- La civilización griega -- Roma: la construcción de un imperio -- Los comienzos de la edad media -- La crisis del mundo feudal |
| 650 #7 - ASIENTO SECUNDARIO DE MATERIA - TERMINO TEMATICO |
| Término temático o nombre geográfico como elemento de entrada |
Ciencias sociales |
| Fuente del encabezamiento o términ |
toit |
| 650 #7 - ASIENTO SECUNDARIO DE MATERIA - TERMINO TEMATICO |
| Término temático o nombre geográfico como elemento de entrada |
Geografía |
| Fuente del encabezamiento o términ |
spines |
| 650 #7 - ASIENTO SECUNDARIO DE MATERIA - TERMINO TEMATICO |
| Término temático o nombre geográfico como elemento de entrada |
Historia |
| Fuente del encabezamiento o términ |
spines |
| 650 #7 - ASIENTO SECUNDARIO DE MATERIA - TERMINO TEMATICO |
| Término temático o nombre geográfico como elemento de entrada |
Manuales |
| Fuente del encabezamiento o términ |
spines |
| 650 #7 - ASIENTO SECUNDARIO DE MATERIA - TERMINO TEMATICO |
| Término temático o nombre geográfico como elemento de entrada |
Enseñanza media |
| Fuente del encabezamiento o términ |
spines |
| 650 #7 - ASIENTO SECUNDARIO DE MATERIA - TERMINO TEMATICO |
| Término temático o nombre geográfico como elemento de entrada |
Historia antigua |
| Fuente del encabezamiento o términ |
spines |
| 650 #7 - ASIENTO SECUNDARIO DE MATERIA - TERMINO TEMATICO |
| Término temático o nombre geográfico como elemento de entrada |
Historia medieval |
| Fuente del encabezamiento o términ |
spines |
| 700 1# - ASIENTO SECUNDARIO - NOMBRE DE PERSONA |
| Personal name |
Ardanaz, Alejandra, |
| Relator term |
autora |
| Relationship |
aut |
| 700 1# - ASIENTO SECUNDARIO - NOMBRE DE PERSONA |
| Personal name |
Ferguson, Juan, |
| Relator term |
coordinador |
| Relationship |
oth |
| 830 #0 - ASIENTO SECUNDARIO DE SERIE--TITULO UNIFORME |
| Título uniforme |
Huellas (Estrada). |
| 929 ## - DATOS DE ADQUISICION |
| Procedencia |
COMPRA |
| Proveedor |
El Monje Libros |
| Orden de compra |
Compra 2015 Exp. 827-2158/15 |
| Precio |
252,00 (obra completa) |
| Fecha de recibido |
20151229 |
| Patrimonio UNQ |
PAT0062134 |
| Número de inventario |
54054 |
| 929 ## - DATOS DE ADQUISICION |
| Procedencia |
COMPRA |
| Proveedor |
El Monje Libros |
| Orden de compra |
Compra 2015 Exp. 827-2158/15 |
| Precio |
252,00 (obra completa) |
| Fecha de recibido |
20151229 |
| Patrimonio UNQ |
PAT0062135 |
| Número de inventario |
54055 |
| 929 ## - DATOS DE ADQUISICION |
| Procedencia |
COMPRA |
| Proveedor |
El Monje Libros |
| Orden de compra |
Compra 2015 Exp. 827-2158/15 |
| Precio |
252,00 (obra completa) |
| Fecha de recibido |
20151229 |
| Patrimonio UNQ |
PAT0062136 |
| Número de inventario |
54056 |
| 929 ## - DATOS DE ADQUISICION |
| Procedencia |
COMPRA |
| Proveedor |
El Monje Libros |
| Orden de compra |
Compra 2015 Exp. 827-2158/15 |
| Precio |
252,00 (obra completa) |
| Fecha de recibido |
20151229 |
| Patrimonio UNQ |
PAT0062137 |
| Número de inventario |
54057 |
| 929 ## - DATOS DE ADQUISICION |
| Procedencia |
COMPRA |
| Proveedor |
El Monje Libros |
| Orden de compra |
Compra 2015 Exp. 827-2158/15 |
| Precio |
252,00 (obra completa) |
| Fecha de recibido |
20151229 |
| Patrimonio UNQ |
PAT0062138 |
| Número de inventario |
54091 |
| 942 ## - ELEMENTOS DE PUNTO DE ACCESO ADICIONAL (KOHA) |
| Tipo de ítem Koha |
Libros |
| Suppress in OPAC |
0 |